Länder mit Gletschern - Statistiken

Allgemein
  • Dieses Quiz wurde 103 mal gespielt
  • Das Durchschnittsergebnis liegt bei 37 aus 48
Antwortstatistiken
Kontinent Land % Korrekt
Asien | Europa Russland
98%
Asien China
94%
Südamerika Chile
93%
Europa Schweiz
93%
Südamerika Argentinien
92%
Europa Italien
92%
Nordamerika Kanada
92%
Europa Norwegen
92%
Europa Österreich
92%
Südamerika Peru
92%
Europa Schweden
92%
Europa Frankreich
90%
Nordamerika Vereinigte Staaten
90%
Europa Deutschland
89%
Asien Japan
89%
Asien Nepal
87%
Südamerika Bolivien
86%
Nordamerika Mexiko
84%
Asien Indien
82%
Ozeanien Neuseeland
82%
Europa Spanien
82%
Asien Mongolei
80%
Asien Kasachstan
78%
Südamerika Kolumbien
78%
Asien Tadschikistan
77%
Europa Island
76%
Asien Pakistan
76%
Asien Usbekistan
75%
Asien Bhutan
73%
Asien Kirgisistan
73%
Asien Afghanistan
72%
Südamerika Ecuador
72%
Europa Slowenien
72%
Asien Türkei
72%
Asien Armenien
71%
Afrika Kenia
71%
Afrika Tansania
70%
Asien Georgien
69%
Europa Rumänien
69%
Asien Iran
65%
Asien Aserbaidschan
64%
Europa Bulgarien
59%
Asien Indonesien
58%
Afrika Uganda
55%
Europa Albanien
53%
Afrika Demokratische Republik Kongo
52%
Europa Montenegro
45%
Asien Myanmar
42%
Keine übereinstimmenden Quizze gefunden
Verteilung der Resultate
Anzahl Personen mit jedem Resultat
Perzentil nach korrekt beantworteten Fragen
Ihre Resultats-Entwicklung
Sie haben dieses Quiz noch nicht gespielt